Development of biopharmaceutical parenteral dosage forms/ (Record no. 9783)
[ view plain ]
| 000 -LEADER | |
|---|---|
| fixed length control field | 01040nam a2200361 a 4500 |
| 001 - CONTROL NUMBER | |
| control field | vtls000005996 |
| 003 - CONTROL NUMBER IDENTIFIER | |
| control field | NLI |
| 005 - DATE AND TIME OF LATEST TRANSACTION | |
| control field | 20210601180529.0 |
| 008 - FIXED-LENGTH DATA ELEMENTS--GENERAL INFORMATION | |
| fixed length control field | 101125s1977 nyu 001 0 eng |
| 020 ## - INTERNATIONAL STANDARD BOOK NUMBER | |
| International Standard Book Number | 082479981X |
| Terms of availability | $125.00 |
| 039 #9 - LEVEL OF BIBLIOGRAPHIC CONTROL AND CODING DETAIL [OBSOLETE] | |
| -- | 201011250024 |
| -- | VLOAD |
| 040 0# - CATALOGING SOURCE | |
| Original cataloging agency | NLI |
| Language of cataloging | eng |
| Transcribing agency | VERGIS-2003 |
| 041 0# - LANGUAGE CODE | |
| Language code of text/sound track or separate title | eng |
| 044 ## - COUNTRY OF PUBLISHING/PRODUCING ENTITY CODE | |
| MARC country code | nyu |
| 082 04 - DEWEY DECIMAL CLASSIFICATION NUMBER | |
| Classification number | 615.6 |
| 245 00 - TITLE STATEMENT | |
| Title | Development of biopharmaceutical parenteral dosage forms/ |
| Statement of responsibility, etc. | edited by John A. Bontempo |
| 260 ## - PUBLICATION, DISTRIBUTION, ETC. | |
| Place of publication, distribution, etc. | New York: |
| Name of publisher, distributor, etc. | Marcel Dekker, |
| Date of publication, distribution, etc. | 1977 |
| 300 ## - PHYSICAL DESCRIPTION | |
| Extent | ix, 248 p.; |
| Dimensions | 22 cm. |
| 440 #0 - SERIES STATEMENT/ADDED ENTRY--TITLE | |
| Title | Drugs and the pharmaceutical science |
| Volume/sequential designation | 85 |
| 9 (RLIN) | 22144 |
| 500 ## - GENERAL NOTE | |
| General note | Includes index |
| 650 #0 - SUBJECT ADDED ENTRY--TOPICAL TERM | |
| Topical term or geographic name entry element | Pharmaceutical biotechnology |
| 9 (RLIN) | 22145 |
| 650 #0 - SUBJECT ADDED ENTRY--TOPICAL TERM | |
| Topical term or geographic name entry element | Parenteral solutions |
| 9 (RLIN) | 22146 |
| 700 1# - ADDED ENTRY--PERSONAL NAME | |
| Personal name | Bontempo, John A., |
| Relationship | edt |
| 9 (RLIN) | 22147 |
| 887 ## - NON-MARC INFORMATION FIELD | |
| Content of non-MARC field | Kannaki |
| 901 ## - LOCAL DATA ELEMENT A, LDA (RLIN) | |
| a | 535893 |
| b | 26/04/2000 |
| 902 ## - LOCAL DATA ELEMENT B, LDB (RLIN) | |
| a | E 615.6 D492 |
| 903 ## - LOCAL DATA ELEMENT C, LDC (RLIN) | |
| a | 19/02/2004 |
| 904 ## - LOCAL DATA ELEMENT D, LDD (RLIN) | |
| a | Kannaki |
| 906 ## - LOCAL DATA ELEMENT F, LDF (RLIN) | |
| a | 004158 |
| 949 ## - LOCAL PROCESSING INFORMATION (OCLC) | |
| -- | VIRTUAITEM |
| -- | 10000 |
| -- | 1 |
| -- | 100 |
| 6 | PUR000535893ENG |
| 942 ## - ADDED ENTRY ELEMENTS (KOHA) | |
| Source of classification or shelving scheme | Dewey Decimal Classification |
| Koha item type | Books |
| Withdrawn status | Lost status | Damaged status | Not for loan | Collection code | Home library | Current library | Shelving location | Date acquired | Total Checkouts | Full call number | Barcode | Date last seen | Price effective from | Koha item type |
|---|---|---|---|---|---|---|---|---|---|---|---|---|---|---|
| New English | National Library of India | National Library of India | New English - Main Stack Division | E 615.6 D492 | PUR000535893ENG | 01/06/2021 | 01/06/2021 | Books |
